000 00367nam a22001457a 4500
003 MACL
005 20170831120550.0
008 170831b xxu||||| |||| 00| 0 eng d
040 _cMACL
100 _aChatterjee,Suranjan
_968927
245 _aHistory of Modern India
260 _aKolkata
_bProgressive Publishers
_c2006
650 _aHistory
_968928
942 _2ddc
_cBK
999 _c56947
_d56947